| 000 | 00437nam a2200193Ia 4500 | ||
|---|---|---|---|
| 005 | 20250423100501.0 | ||
| 008 | 250422s9999 xx 000 0 und d | ||
| 020 | _a9780074622643 | ||
| 050 | _aHF 5549 .M66/ | ||
| 100 | _aMonappa, Arun | ||
| 245 | 0 | _aPersonnel management | |
| 250 | _a2nd ed. | ||
| 260 | _aNew Delhi | ||
| 260 | _bTata McGraw Hill | ||
| 260 | _c2008 | ||
| 300 | _a416 p | ||
| 650 | _aManagement | ||
| 942 | _cBK | ||
| 999 |
_c33445 _d33445 |
||